000 00521nam a2200181Ia 4500
001 23677
005 20260414150953.0
008 260414t2018||||xx |||||||||||||| ||spa||
041 _aESP
082 _a690.028
_bS13
100 _aSacks, Rafael
_eAUT
245 0 _aBIM handbook :
_ba guide to building information modeling for owners, designers, engineers, contractors, and facility managers
260 _c2018
300 _axxv, 659 páginas :
_c24 cm.
650 _a0
654 _aCIC
942 _cLIB
_dJUS
_fJUS
_2ddc
_n
999 _c23677
_d23677